000 01415nam a2200313 c 4500
003 BLK
005 20180420220324.0
008 180407b bul|||||r ||||||| ||bul||
010 _aKNG00032329000
040 _aBLK
072 7 _2bullib
_aК
_xКраезнание
080 _aВоенноморски флот - Персонал и организация. Служби. Части, принадлежащи към военно-морския флот - морска пехота, морскаартилерия и въздушни сили;технически служби в морския флот;санитарна служба
_b359
_x(093)(497.2)
_z359(093)(497.2)
139 _aСборник от исторически очерци и спомени
_bС 23
245 1 0 _aСборник от исторически очерци и спомени
_b100 г. Военноморска база - Варна 1897-1997
260 Варна
_bВедомизд.
_c1997
300 _a290 с.
_bсъс сн.
_c20 см
380 _a3
650 4 _aВоенно-морски флот
_9270436
651 4 _aБългария
_9241624
651 4 _aВарна
_9178690
653 _aспомени
653 _aвоенноморски флот
659 _aК
852 _aЦб 195586
856 4 _qpdf
_u
856 4 _qpdf
_u
942 _cKNG
_n0
944 _aCR
_c15.01.2003
_kAB_DOS
944 _aED
_c23.02.2015
_kВаля_Йорданова
999 _c29705
_d29705